Obálka Náhled e-knihy:
PDF Epub
Pro půjčování e-knih musíte být přihlášeni.
Jak si půjčit online?

Návrat /

Elektronická kniha Návrat je nové vydání českého překladu Libora Martinka sbírky veršů Bonifacyho Miązka Návrat (2005 Opava), které vychází z londýnského vydání výboru autorových veršů Sandomierskie wirydarze (2004, London, Oficyna Poetów i Malarzy) v redakci a výboru Krystyny Bednarczykové. Pro vyd...

Celý popis

Uloženo v:
Hlavní autor: Miązek, Bonifacy (Autor)
Médium: E-kniha
Jazyk:Czech
Vydáno: Praha : Michal Beran - První bruntálské nakladatelství, 2022
Tagy:
Žádné tagy
LEADER 02493nam a22002297i 4500
001 311749
007 ta
008 260601s2022 xr ||||| |||| 00| 0 cze d
020 |a 9990003636836 
044 |a xr 
100 1 |a  Miązek, Bonifacy  |4 aut 
245 1 0 |a Návrat /  |c  Miązek, Bonifacy 
240 1 0 |a Sandomierskie wirydarze 
264 1 |a Praha :  |b Michal Beran - První bruntálské nakladatelství,  |c 2022 
300 |a 1 online zdroj (64 stran) 
336 |a text  |b txt  |2 rdacontent 
337 |a bez média  |b n  |2 rdamedia 
338 |a online zdroj  |b cr  |2 rdacarrier 
520 2 |a Elektronická kniha Návrat je nové vydání českého překladu Libora Martinka sbírky veršů Bonifacyho Miązka Návrat (2005 Opava), které vychází z londýnského vydání výboru autorových veršů Sandomierskie wirydarze (2004, London, Oficyna Poetów i Malarzy) v redakci a výboru Krystyny Bednarczykové. Pro vydání v podobě e-knihy byl text aktualizován, upraven a doplněn o recenzní ohlas PaedDr. Iva Haráka, Ph.D.Bonifacy Miązek (*27. 3. 1935 Kolonia Szczerbacka, Polsko) je předním představitelem tzv. kněžské poezie, v níž hledá odpověď na složité existenciální otázky a do značné míry odhaluje emocionální a duchovní napětí, jemuž je kněz při své službě vystaven. Od roku 1965 žije v Rakousku. Od roku 1973 přednáší polskou literaturu na Ústavu slavistiky Vídeňské univerzity, v roce 1984 byl jmenován docentem slavistiky. Ve Vídni působí rovněž jako duchovní pastýř v jedné z tamních far, v roce 1989 byl jmenován infulátem. Obdržel několik literárních cen, za celoživotní tvorbu mu byla v r. 1972 udělena prestižní Cena Kościelských. Verše Bonifacyho Miązka byly zařazeny do několika významných básnických antologií – například Na mojej ziemi był Oświęcim (1987), jež vyšla polsky a německy. Ukázky z básnické tvorby Bonifacyho Miązka byly přeloženy do řady evropských jazyků a uveřejněny na stránkách časopisů v České republice, Německu, Rakousku a na Slovensku. 
910 |a RBIT002 
998 |d 363683  |a https://core.palmknihy.cz/api/books/363683/cover?rl4g7i  |b https://core.palmknihy.cz/api/books/363683/cover/400?rl4g7i  |c https://core.palmknihy.cz/api/books/363683/cover/50?rl4g7i  |e   |g 64  |i 9990003636836  |j https://core.palmknihy.cz/api/books/363683/preview.epub  |k https://core.palmknihy.cz/api/books/363683/preview.pdf  |l   |q 49  |r 1  |s https://www.palmknihy.cz/kniha/363683  |t ebook  |y 2022  |z 1 
999 |d 311747